000 00483nam a2200181Ia 4500
001 22475
005 20260414150834.0
008 260414t2012||||xx |||||||||||||| ||spa||
041 _aESP
082 _a621.38152
_bS22
100 _aSánchez, Enrique
_eAUT
245 0 _aIntroducción a los dispositivos y circuitos semiconductores de microondas
_b
260 _c2012
300 _axxviii, 553 páginas :
_c25 cm.
650 _aTCA
654 _aCET
942 _cLIB
_dJUS
_fJUS
_2ddc
_n
999 _c22475
_d22475